logo

Bir Sreshtho Munshi Abdur Rouf Library
Jhenaidah Cadet College

Foragers, Farmers, And Fossil Fuels : (Record no. 13652)

MARC details
000 -LEADER
fixed length control field 04672cam a2200529 i 4500
001 - CONTROL NUMBER
JCCL Control Number 13652
003 - CONTROL NUMBER IDENTIFIER
JCCL marc code BD-JhCC
005 - DATE AND TIME OF LATEST TRANSACTION
control field 20240313132439.0
008 - FIXED-LENGTH DATA ELEMENTS--GENERAL INFORMATION
fixed length control field 141125s2015 njua b 001 0 eng
020 ## - INTERNATIONAL STANDARD BOOK NUMBER
International Standard Book Number 9780691160399 (hardcover : acidfree paper)
035 ## - SYSTEM CONTROL NUMBER
system control number (BD-JhCC)13652
040 ## - CATALOGING SOURCE
Original cataloging agency DLC
Transcribing agency DLC
Description conventions rda
Modifying agency DLC
041 ## - LANGUAGE CODE
Language code of Book english
050 00 - LIBRARY OF CONGRESS CALL NUMBER
Classification number GN469
Item number M67 2015
082 00 - DEWEY DECIMAL CLASSIFICATION NUMBER
Classification number 303.4
DDC Edition number 23
Author mark and Year MOR 2015
084 ## - OTHER CLASSIFICATION NUMBER
Classification number HIS037000
-- SOC003000
-- PHI005000
-- SOC002000
-- SOC026000
Source of number bisacsh
100 1# - MAIN ENTRY--PERSONAL NAME
Personal name Morris, Ian,
Dates associated with a name 1960-
245 10 - TITLE STATEMENT
Title Foragers, Farmers, And Fossil Fuels :
Remainder of title How Human Values Evolve /
Statement of responsibility, etc Ian Morris
260 ## - PUBLICATION, DISTRIBUTION, ETC. (IMPRINT)
Place of publication, distribution, etc Princeton:
Name of publisher, distributor, etc Princeton University Pres;
Date of publication, distribution, etc 2015.
300 ## - PHYSICAL DESCRIPTION
Pagination xxii, 369 pages :
Other physical details illustrations, maps ;
Dimensions 23 cm.
490 0# - SERIES STATEMENT
Series statement The University Center for Human Values series
504 ## - BIBLIOGRAPHY, ETC. NOTE
Bibliography, etc Includes bibliographical references (pages 305-339) and index.
505 0# - FORMATTED CONTENTS NOTE
Formatted contents note Each Age Gets the Thought It Needs -- Foragers -- Farmers -- Fossil Fuels -- The Evolution of Values : Biology, Culture, and the Shape of Things to Come -- On the Ideology of Imagining That "Each Age Gets the Thought It Needs" / Richard Seaford -- But What Was It Really Like? : The Limitations of Measuring Historical Values / Jonathan D. Spence -- Eternal Values, Evolving Values, and the Value of the Self / Christine M. Korsgaard -- When the Lights Go Out : Human Values after the Collapse of Civilization / Margaret Atwood -- My Correct Views on Everything / Ian Morris.
520 2# - SUMMARY, ETC.
Summary, etc "Most people in the world today think democracy and gender equality are good, and that violence and wealth inequality are bad. But most people who lived during the 10,000 years before the nineteenth century thought just the opposite. Drawing on archaeology, anthropology, biology, and history, Ian Morris, author of the best-selling Why the West Rules--for Now, explains why. The result is a compelling new argument about the evolution of human values, one that has far-reaching implications for how we understand the past--and for what might happen next. Fundamental long-term changes in values, Morris argues, are driven by the most basic force of all: energy. Humans have found three main ways to get the energy they need--from foraging, farming, and fossil fuels. Each energy source sets strict limits on what kinds of societies can succeed, and each kind of society rewards specific values. In tiny forager bands, people who value equality but are ready to settle problems violently do better than those who aren't; in large farming societies, people who value hierarchy and are less willing to use violence do best; and in huge fossil-fuel societies, the pendulum has swung back toward equality but even further away from violence. But if our fossil-fuel world favors democratic, open societies, the ongoing revolution in energy capture means that our most cherished values are very likely to turn out--at some point fairly soon--not to be useful any more. Originating as the Tanner Lectures delivered at Princeton University, the book includes challenging responses by novelist Margaret Atwood, philosopher Christine Korsgaard, classicist Richard Seaford, and historian of China Jonathan Spence"--
520 2# - SUMMARY, ETC.
Summary, etc "This is a successor work to Why the West Rules for Now, in which Morris once again advances an ambitious account of how certain 'brute material forces' limit and help determine the 'culture, values, and beliefs,' including the moral codes, that humans have adopted over the last 20,000 years. The present volume originated as Ian Morris's Tanner Lectures on Human Values, delivered at Princeton University in November of 2012"--Introduction.
650 #0 - SUBJECT ADDED ENTRY--TOPICAL TERM
Topical term or geographic name as entry element Social values
General subdivision History.
650 #0 - SUBJECT ADDED ENTRY--TOPICAL TERM
Topical term or geographic name as entry element Social evolution
General subdivision History.
650 #0 - SUBJECT ADDED ENTRY--TOPICAL TERM
Topical term or geographic name as entry element Social change
General subdivision History.
650 #0 - SUBJECT ADDED ENTRY--TOPICAL TERM
Topical term or geographic name as entry element Power resources
General subdivision Social aspects
-- History.
650 #0 - SUBJECT ADDED ENTRY--TOPICAL TERM
Topical term or geographic name as entry element Hunting and gathering societies
General subdivision History.
650 #0 - SUBJECT ADDED ENTRY--TOPICAL TERM
Topical term or geographic name as entry element Agriculture
General subdivision Social aspects
-- History.
650 #0 - SUBJECT ADDED ENTRY--TOPICAL TERM
Topical term or geographic name as entry element Fossil fuels
General subdivision Social aspects
-- History.
650 #0 - SUBJECT ADDED ENTRY--TOPICAL TERM
Topical term or geographic name as entry element Civilization
General subdivision History.
650 #0 - SUBJECT ADDED ENTRY--TOPICAL TERM
Topical term or geographic name as entry element Civilization
General subdivision Forecasting.
650 #7 - SUBJECT ADDED ENTRY--TOPICAL TERM
Topical term or geographic name as entry element HISTORY / World.
650 #7 - SUBJECT ADDED ENTRY--TOPICAL TERM
Topical term or geographic name as entry element SOCIAL SCIENCE / Archaeology.
650 #7 - SUBJECT ADDED ENTRY--TOPICAL TERM
Topical term or geographic name as entry element PHILOSOPHY / Ethics & Moral Philosophy.
650 #7 - SUBJECT ADDED ENTRY--TOPICAL TERM
Topical term or geographic name as entry element SOCIAL SCIENCE / Anthropology / General.
650 #7 - SUBJECT ADDED ENTRY--TOPICAL TERM
Topical term or geographic name as entry element SOCIAL SCIENCE / Sociology / General.
700 1# - ADDED ENTRY--PERSONAL NAME
Personal name Seaford, Richard.
700 1# - ADDED ENTRY--PERSONAL NAME
Personal name Spence, Jonathan D.
700 1# - ADDED ENTRY--PERSONAL NAME
Personal name Korsgaard, Christine M.
Fuller form of name (Christine Marion)
700 1# - ADDED ENTRY--PERSONAL NAME
Personal name Atwood, Margaret,
Dates associated with a name 1939-
700 1# - ADDED ENTRY--PERSONAL NAME
Personal name Macedo, Stephen,
Dates associated with a name 1957-
700 1# - ADDED ENTRY--PERSONAL NAME
Personal name Morris, Ian,
Dates associated with a name 1960-
Title of a work Why the West rules-- for now.
942 ## - ADDED ENTRY ELEMENTS (KOHA)
Source of classification or shelving scheme Dewey Decimal Classification
Koha item type Books
Holdings
Source of classification or shelving scheme Damaged status Not for loan Home library Current library Shelving location Date of accession Cost, normal purchase price Total Checkouts Full call number Barcode Date last seen Copy number Method of acquisition Koha item type Currency
Dewey Decimal Classification     JCC Rouf Library JCC Rouf Library General Stacks   450.00   303.4 MOR 2015 19097 03/13/2024 C-1 Purchase Books BDT

JCC Library | Contacts | JCC Home

Last Update on 23 September 2017
Copyright @ 2017-2020 JCC Rouf Library
Rouf Library, Jhenidah Cadet College (JCC), Bangladesh